Central Library OPAC University of Rajshahi

জাহাজডুবি নাবিকের গল্প / (Record no. 79961)

MARC details
000 -LEADER
fixed length control field 01011nam a2200241 a 4500
001 - CONTROL NUMBER
control field 79961
003 - CONTROL NUMBER IDENTIFIER
rucl marc code BD-RjUL
005 - DATE AND TIME OF LATEST TRANSACTION
control field 20220613125115.0
008 - FIXED-LENGTH DATA ELEMENTS--GENERAL INFORMATION
fixed length control field 220613s2016 bg ||||| |||| 00| 0 ben d
020 ## - INTERNATIONAL STANDARD BOOK NUMBER
International Standard Book Number 9847000001719
035 ## - SYSTEM CONTROL NUMBER
System control number (BD-RjUL)79961
040 ## - CATALOGING SOURCE
Original cataloging agency BD-RjUL
Language of cataloging eng
Transcribing agency BD-RjUL
041 ## - LANGUAGE CODE
Language code of text/sound track or separate title ben
082 ## - DEWEY DECIMAL CLASSIFICATION NUMBER
Edition number 23
Classification number 910.45
Author mark and year MAS 2016
100 ## - MAIN ENTRY--PERSONAL NAME
Personal name মার্কেস, গাব্রিয়েল গার্সিয়া
9 (RLIN) 3569
245 ## - TITLE STATEMENT
Title জাহাজডুবি নাবিকের গল্প /
Statement of responsibility, etc. মূল গাব্রিয়েল গার্সিয়া মার্কেস ; অনুবাদ খুররম মমতাজ
490 ## - SERIES STATEMENT
Series statement ক্লাসিক সিরিজ :
Volume/sequential designation
600 ## - SUBJECT ADDED ENTRY--PERSONAL NAME
Personal name ভেলাস্কো, লুইস আলেজান্দ্রো
Personal name Velasco, Luis Alejandro
700 ## - ADDED ENTRY--PERSONAL NAME
Personal name মমতাজ, খুররম
830 ## - SERIES ADDED ENTRY--UNIFORM TITLE
Uniform title ক্লাসিক সিরিজ :
Volume number/sequential designation
942 ## - ADDED ENTRY ELEMENTS (KOHA)
Source of classification or shelving scheme Dewey Decimal Classification
Koha item type Books
Holdings
Lost status Source of classification or shelving scheme Damaged status Not for loan Collection code Permanent Location Current Location Shelving location Date acquired Source of acquisition Cost, normal purchase price Full call number Date last seen Copy number Koha item type Total Checkouts Date checked out
  Dewey Decimal Classification   Not For Loan Fiction Central Library, University of Rajshahi Central Library, University of Rajshahi Reading Room 17/04/2022 Jatiya Sahitya Prokash 112.00 B 910.45 MAS 2016 13/06/2022 C-1 Books    
  Dewey Decimal Classification     Fiction Central Library, University of Rajshahi Central Library, University of Rajshahi General Stacks 17/04/2022 Jatiya Sahitya Prokash 112.00 B 910.45 MAS 2016 13/06/2022 C-2 Books    
  Dewey Decimal Classification     Fiction Central Library, University of Rajshahi Central Library, University of Rajshahi General Stacks 17/04/2022 Jatiya Sahitya Prokash 112.00 B 910.45 MAS 2016 09/04/2023 C-3 Books 1 23/03/2023
  Dewey Decimal Classification     Fiction Central Library, University of Rajshahi Central Library, University of Rajshahi General Stacks 17/04/2022 Jatiya Sahitya Prokash 112.00 B 910.45 MAS 2016 13/06/2022 C-4 Books